The 1915 Armenian genocide and legal paths resolution / (Record no. 531414)
[ view plain ]
| 000 -LEADER | |
|---|---|
| fixed length control field | 00543nam a2200205 a 4500 |
| 001 - CONTROL NUMBER | |
| control field | 1984780 |
| 003 - CONTROL NUMBER IDENTIFIER | |
| control field | AM-YEHGA |
| 005 - DATE AND TIME OF LATEST TRANSACTION | |
| control field | 20250617164904.0 |
| 008 - FIXED-LENGTH DATA ELEMENTS--GENERAL INFORMATION | |
| fixed length control field | 240924s2023 flu|||||||||||00||0|eng|d |
| 040 ## - CATALOGING SOURCE | |
| Original cataloging agency | AM-YeHGA |
| 041 0# - LANGUAGE CODE | |
| Language code of text/sound track or separate title | eng |
| 090 ## - LOCALLY ASSIGNED LC-TYPE CALL NUMBER (OCLC); LOCAL CALL NUMBER (RLIN) | |
| -- | 570176 |
| 100 1# - MAIN ENTRY--PERSONAL NAME | |
| Personal name | Dakessian, Rodney |
| 245 14 - TITLE STATEMENT | |
| Title | The 1915 Armenian genocide and legal paths resolution / |
| Statement of responsibility, etc. | Rodney Dakessian. |
| 260 ## - PUBLICATION, DISTRIBUTION, ETC. | |
| Place of publication, distribution, etc. | [Orlando, FL] : |
| Name of publisher, distributor, etc. | S. n., |
| Date of publication, distribution, etc. | [2023]. |
| 300 ## - PHYSICAL DESCRIPTION | |
| Extent | 431 p. |
| 504 ## - BIBLIOGRAPHY, ETC. NOTE | |
| Bibliography, etc. note | Bibliogr.: p. 422-429 |
| 650 14 - SUBJECT ADDED ENTRY--TOPICAL TERM | |
| Topical term or geographic name entry element | Armenian genocide |
| 942 ## - ADDED ENTRY ELEMENTS (KOHA) | |
| Source of classification or shelving scheme | Universal Decimal Classification |
| Koha item type | Գրքեր / Books |
| Withdrawn status | Lost status | Damaged status | Not for loan | Collection | Home library | Current library | Date acquired | Total checkouts | Full call number | Barcode | Date last seen | Price effective from | Koha item type | Public note |
|---|---|---|---|---|---|---|---|---|---|---|---|---|---|---|
| General | Fundamental Scientific Library | Fundamental Scientific Library | 24/09/2024 | И II/118161 | FL0685421 | 24/09/2024 | 24/09/2024 | Գրքեր / Books | 30 Days Loan |
ՀՀ Գիտությունների ազգային ակադեմիայի հիմնարար գիտական գրադարան = Fundamental Scientific Library of NAS RA
All site content, except where otherwise noted, is licensed under a